[Event "Olympiad Women 2024"]
[Site "Budapest HUN"]
[Date "2024.09.22"]
[Round "11.31"]
[Board "3"]
[White "Mendez Tovar, Yessica Yissel"]
[Black "Chang, Yolanda"]
[Result "0-1"]
[WhiteElo "2004"]
[BlackElo "1908"]
[PlyCount "72"]
[EventDate "2024.09.11"]
[WhiteTeam "Mexico"]
[BlackTeam "New Zealand"]
[WhiteTeamCountry "MEX"]
[BlackTeamCountry "NZL"]

1. e4 c5 2. Nf3 Nc6 3. Nc3 Nf6 4. d4 cxd4 5. Nxd4 e5 6. Ndb5 d6 7. Bg5 a6 8. Na3 b5 9. Bxf6 gxf6 10. Nd5 Bg7 11. c3 f5 12. Nxb5 axb5 13. Bxb5 Bd7 14. exf5 O-O 15. Qg4 Kh8 16. O-O e4 $146 ({RR} 16... Rb8 17. a4 Ne7 18. Qxg7+ Kxg7 19. f6+ Kh8 20. fxe7 Qa5 21. b4 Qa7 22. exf8=Q+ Rxf8 23. Bxd7 Qxd7 24. c4 f5 25. a5 e4 26. a6 Qc6 27. Rfc1 f4 28. b5 Qc5 29. a7 {1-0 Teodoro,E (2290)-Yoos,J (2335) CAN-ch Toronto 1996 (2)}) ({RR} 16... Rb8 17. a4 Ne7 18. Qxg7+ Kxg7 19. f6+ Kh8 20. fxe7 Qc8 21. exf8=Q+ Qxf8 22. Bxd7 Rxb2 23. a5 Qa8 24. a6 Qa7 25. Nb4 e4 26. Nc6 Qa8 27. a7 e3 28. Rfb1 {1-0 Mindeguia Guruceaga,J (2199)-Regeling,C Vlissingen HZ op 10th 2006 (1)}) ({RR} 16... Rb8 17. a4 Ne7 18. Qxg7+ Kxg7 19. f6+ Kh8 20. fxe7 Qa5 21. b4 Qa7 22. exf8=Q+ Rxf8 23. Bxd7 Qxd7 24. a5 f5 25. a6 Qc6 26. Rfd1 f4 27. a7 f3 28. b5 Qb7 29. b6 fxg2 30. Rd2 e4 31. Rda2 {1-0 Paragua,M (2509)-Zierk,S (2403) American op 46th 2010 (7)}) 17. Qxe4 Ne5 18. Bxd7 Nxd7 19. a4 Nc5 20. Qc2 Re8 21. b4 Ne4 22. Rae1 Nxc3 23. f6 Nxd5 24. fxg7+ Kg8 25. Qd2 Nf6 26. a5 Re6 27. Ra1 Qb8 28. Rfb1 Qb5 29. Rc1 Ng4 30. h3 Ne5 31. f4 Ng6 32. a6 Re2 33. Qxd6 Nh4 34. Rc5 Rxg2+ 35. Kh1 Qe2 36. f5 Nf3 0-1

[Event "Olympiad Women 2024"]
[Site "Budapest HUN"]
[Date "2024.09.22"]
[Round "11.31"]
[Board "4"]
[White "Braganza, Nadia"]
[Black "Tec Rodas, Sofia Isavelina"]
[Result "1-0"]
[WhiteElo "1892"]
[BlackElo "1800"]
[PlyCount "87"]
[EventDate "2024.09.11"]
[WhiteTeam "New Zealand"]
[BlackTeam "Mexico"]
[WhiteTeamCountry "NZL"]
[BlackTeamCountry "MEX"]

1. c4 e5 2. Nc3 Nf6 3. g3 Bb4 4. Bg2 O-O 5. Nf3 Re8 6. O-O c6 7. Qc2 ({RR} 7. d4 e4 8. Ne1 h6 9. Nc2 Bxc3 10. bxc3 d6 {½-½ Salvador,R (2532)-David,A (2592) ITA-chT 43rd 2011 (5)}) ({RR} 7. a3 Bxc3 8. dxc3 h6 9. c5 b6 10. c4 bxc5 11. Be3 Qe7 12. h3 d5 13. cxd5 cxd5 14. Rc1 Nbd7 15. Qa4 a5 16. Qc6 Ba6 17. Nh4 d4 18. Nf5 Qe6 19. Qxe6 fxe6 20. Bxa8 Rxa8 21. Nh4 dxe3 {0-1 Maltsevskaya,A (2378)-Duda,J (2732) chess.com Speed Poland 2024 (1.4)}) 7... d5 8. cxd5 cxd5 9. d4 Nc6 $146 ({RR} 9... e4 10. Ne5 Be6 11. f3 Nbd7 12. Nxd7 Qxd7 13. Bg5 Bf5 14. Qb3 Be7 15. Rad1 Rad8 16. Qb5 h6 17. Qxd7 Rxd7 18. Bxf6 Bxf6 19. fxe4 Bxe4 20. Nxe4 dxe4 {½-½ Jorgensen,J (2305)-Nielsen,U (2350) DEN-chT 9394 1993 (4)}) ({RR} 9... e4 10. Nd2 Nc6 11. Nb3 h6 12. Bf4 Bf5 13. Rac1 Rc8 14. Qd2 b6 15. f3 Qd7 16. Rfe1 Re6 17. Be3 Rce8 18. f4 h5 19. h3 Ne7 20. a3 Bd6 21. Nd1 Qb5 22. Rc3 Bb8 23. Nf2 Rc6 24. Rec1 {½-½ Koehler,G (2198)-Binham,T (2284) World Senior 65+ 2022 (6.11)}) 10. dxe5 Nxe5 11. Bg5 Nxf3+ 12. Bxf3 Be6 13. Bxf6 Qxf6 14. Nxd5 Bxd5 15. Bxd5 Rac8 16. Qb3 Bc5 17. e3 Re5 18. Rac1 b6 19. Bg2 Qh6 20. Qd3 Rce8 21. Rc4 Qf6 22. Kh1 Rd8 23. Qc2 Qd6 24. Bf3 Qd2 25. Rd1 Qxd1+ 26. Bxd1 Red5 27. Bf3 Rd2 28. Qb3 Rxf2 29. Rf4 Kh8 30. Qxf7 h6 31. Qc7 Rfd2 32. Rf7 Bf8 33. Qf4 Bd6 34. Qf5 Rf2 35. Kg1 Rxf3 36. Qxf3 Bc5 37. Kg2 a5 38. Qg4 Rg8 39. e4 Bd4 40. Qg6 b5 41. Rf5 b4 42. Rh5 Rf8 43. Rxa5 Bxb2 44. e5 1-0

[Event "Olympiad Women 2024"]
[Site "Budapest HUN"]
[Date "2024.09.22"]
[Round "11.32"]
[Board "1"]
[White "Wafa, Shrook"]
[Black "Gong, Qianyun"]
[Result "0-1"]
[WhiteElo "2137"]
[BlackElo "2250"]
[PlyCount "121"]
[EventDate "2024.09.11"]
[WhiteTeam "Egypt"]
[BlackTeam "Singapore"]
[WhiteTeamCountry "EGY"]
[BlackTeamCountry "SIN"]

1. e4 e6 2. d4 d5 3. Nd2 Be7 4. Ngf3 Nf6 5. Bd3 c5 6. exd5 Qxd5 7. dxc5 Qxc5 8. O-O O-O ({RR} 8... Nbd7 9. Nb3 Qc7 10. a4 b6 11. a5 Bb7 12. axb6 axb6 13. Rxa8+ Bxa8 14. Qe2 O-O 15. Bd2 Ng4 16. Nbd4 Nc5 17. Bb5 Bf6 18. h3 Bxd4 19. hxg4 Bxb2 20. Rb1 Bf6 21. Be3 Ne4 22. Qc4 Nc5 23. Bf4 {0-1 Rogic,D (2581)-Palac,M (2583) Stari Mikanovci Jaric Memorial 4th blitz 2011 (3)}) 9. b3 ({RR} 9. Qe2 Qc7 10. Ne4 Nbd7 11. Bg5 h6 12. Bh4 b6 13. Nxf6+ Nxf6 14. Bxf6 Bxf6 15. Qe4 g6 16. Qxa8 Bb7 17. Qxa7 Ra8 18. Qxa8+ Bxa8 19. Nd2 Bxb2 20. Rab1 Be5 21. h3 Bd4 22. Be4 Bxe4 23. Nxe4 Qxc2 {0-1 Drozdowski,K (2448)-Tabatabaei,M (2623) Titled Tuesday intern op 15 Mar Late blitz 2022 (11)}) ({RR} 9. Nb3 Qc7 10. Qe2 Nc6 11. c3 e5 12. h3 h6 13. Bc2 Re8 14. Nh4 e4 15. Bxe4 Bd6 16. Bxh6 Rxe4 {0-1 Jeorciley,R-Gong,Q (2321) Olympiad-43 Batumi 2018 (1.80)}) 9... Qc7 10. Bb2 Nbd7 11. c4 $146 ({RR} 11. Re1 b6 12. Ng5 h6 13. Nge4 Bb7 14. Nxf6+ Bxf6 15. Bxf6 Nxf6 16. Qe2 Rfd8 17. Nf3 Qc6 18. Rad1 Rac8 19. c4 a5 20. Bb1 Kf8 21. Rxd8+ Rxd8 22. Rd1 Rxd1+ 23. Qxd1 Ke7 24. Qd4 Qd6 25. Qxd6+ Kxd6 {0-1 Hollan,M (2256)-Livaic,L (2444) EU-ch U18 26th 2016 (6)}) 11... b6 12. Rc1 Bb7 13. Bb1 Rad8 14. Qe2 h6 15. Rfd1 Nh5 16. Ne4 Nf4 17. Qe3 f5 18. Ng3 Bc5 19. Qc3 Nf6 20. b4 Bxf3 21. Qxf3 Rxd1+ 22. Rxd1 Bxb4 23. h3 Ng6 24. a3 Bc5 25. Nh5 Nxh5 26. Qxh5 Qg3 27. Bd4 Bxd4 28. Rxd4 Qe5 29. Rd1 Nf4 30. Qf3 Qe2 31. Qxe2 Nxe2+ 32. Kf1 Nc3 33. Rc1 Nxb1 34. Rxb1 Rc8 35. Rb4 Kf7 36. Ke2 Kf6 37. Kd3 g5 38. Rb5 h5 39. a4 Rc5 40. Rb2 h4 41. f3 Ra5 42. Rb4 Ke5 43. Ke3 Rc5 44. Kd3 Kf4 45. Rb2 e5 46. Kc3 Rc7 47. Kd3 e4+ 48. fxe4 fxe4+ 49. Kc3 Rd7 50. Rf2+ Ke5 51. Rf8 Rd3+ 52. Kb4 Rd2 53. Rf7 a5+ 54. Kb5 Rb2+ 55. Kc6 Kd4 56. Rg7 e3 57. Rxg5 e2 58. Rd5+ Kxc4 59. Re5 Kd3 60. Rd5+ Ke3 61. Re5+ 0-1

[Event "Olympiad Women 2024"]
[Site "Budapest HUN"]
[Date "2024.09.22"]
[Round "11.32"]
[Board "2"]
[White "Pang, Kay Yan Eden"]
[Black "Wafa, Shahenda"]
[Result "0-1"]
[WhiteElo "1847"]
[BlackElo "2102"]
[PlyCount "58"]
[EventDate "2024.09.11"]
[WhiteTeam "Singapore"]
[BlackTeam "Egypt"]
[WhiteTeamCountry "SIN"]
[BlackTeamCountry "EGY"]

1. d4 Nf6 2. c4 e6 3. Nf3 d5 4. g3 c6 5. Bg2 Be7 6. O-O Nbd7 7. Qc2 O-O 8. Nbd2 b6 9. e4 dxe4 10. Nxe4 Bb7 11. Rd1 Nxe4 12. Qxe4 Nf6 13. Qc2 ({RR} 13. Qe2 Rc8 14. Bf4 Nd7 15. Rac1 Qe8 16. Nd2 Nf6 17. Ne4 Nxe4 18. Bxe4 Qd7 19. c5 Rfd8 20. b4 Qe8 21. h4 b5 22. h5 h6 23. Rd2 a5 24. a3 axb4 25. axb4 Ra8 26. Be5 Bf8 27. Bc2 Ra3 {1-0 Matlakov,M (2671)-Bharath,S (2479) Titled Tuesday intern op 07th Jun Early blitz 2022 (7)}) 13... c5 ({RR} 13... Rc8 14. Bf4 Bd6 15. Bxd6 Qxd6 16. Rac1 c5 17. dxc5 Qxc5 18. b3 Be4 19. Qe2 Rfd8 20. Nh4 Bxg2 21. Nxg2 Rd4 22. Rxd4 Qxd4 23. Rd1 Qc5 24. Rd3 e5 25. Ne3 e4 26. Rd2 Re8 27. Qd1 g6 28. Rd6 {1-0 Kakulidis,E (2048)-Shariff,S (1538) Olympiad Women 2024 (1.55)}) 14. dxc5 Qc7 15. cxb6 axb6 $146 ({RR} 15... Qxb6 16. Be3 Qc6 17. Nh4 Qc8 18. Bxb7 Qxb7 19. b3 a5 20. Ng2 a4 21. Rd3 Ng4 22. Qd1 Ne5 23. Rc3 Nf3+ 24. Kh1 Bf6 25. Rcc1 Bxa1 26. Rxa1 axb3 27. axb3 Rxa1 28. Qxa1 Qxb3 29. Qc1 Rb8 30. c5 {0-1 Oliveira,T (2047)-Ansh,M (2189) Titled Tuesday intern op 12th Jul Late blitz 2022 (3)}) 16. Bf4 Qc5 17. Be3 Qh5 18. Nh4 Bxg2 19. Nxg2 Ng4 20. h4 Ne5 21. Nf4 Qf3 22. Bd4 Nc6 23. Bxb6 Nb4 24. Qb3 Qg4 25. a3 Nc6 26. Qe3 Bf6 27. Nd3 Rfb8 28. c5 Nd4 29. Qf4 Ne2+ 0-1

[Event "Olympiad Women 2024"]
[Site "Budapest HUN"]
[Date "2024.09.22"]
[Round "11.32"]
[Board "3"]
[White "Romany, Joy"]
[Black "Rice, Lauren"]
[Result "1/2-1/2"]
[WhiteElo "2012"]
[BlackElo "1824"]
[PlyCount "81"]
[EventDate "2024.09.11"]
[WhiteTeam "Egypt"]
[BlackTeam "Singapore"]
[WhiteTeamCountry "EGY"]
[BlackTeamCountry "SIN"]

1. d4 d5 2. c4 e6 3. g3 Nf6 4. Bg2 a6 5. Nf3 dxc4 6. a4 c5 7. O-O cxd4 ({RR} 7... Nc6 8. dxc5 Qxd1 9. Rxd1 Bxc5 10. Nbd2 Ng4 11. e3 Nge5 12. Nxe5 Nxe5 13. Ne4 Bb4 14. Bd2 Bxd2 15. Rxd2 Ke7 16. Nd6 Rb8 17. f4 Ng4 18. Nxc4 Bd7 19. h3 Nf6 20. e4 b5 21. Ne5 Rhd8 22. a5 {½-½ Karpov,A (2695)-Sveshnikov,E (2510) URS-ch44 Final 1976 (12)}) 8. Nxd4 Bc5 ({RR} 8... e5 9. Nc2 Qxd1 10. Rxd1 Nc6 11. Nc3 Be6 12. Be3 Be7 13. Rac1 O-O 14. Bg5 Rad8 15. Bxf6 Bxf6 16. Nd5 Na5 17. Nxf6+ gxf6 18. Ne3 b5 19. axb5 axb5 20. Nc2 Nb3 21. Rb1 Nd2 22. Rbc1 Rd6 23. Nb4 {0-1 Ibanez Koblash,D (1830)-Garrido Diaz,J (2291) 35th Roquetas de Mar Open 2024 (7.18)}) 9. Nc2 O-O $146 ({RR} 9... Nbd7 10. Nba3 Qc7 11. Be3 c3 12. b4 Be7 13. Qd4 O-O 14. Qc4 Qxc4 15. Nxc4 Nd5 16. Rab1 N7f6 17. Bc5 Bd7 18. Bxe7 Nxe7 19. Nb6 Rab8 20. Rb3 Bc6 21. Rxc3 Rfd8 22. Ne3 h5 23. f3 Rd2 24. Kf2 {0-1 Abdildayeva,L (1845)-Kurmangaliyeva,L (1974) KAZ-ch (Women) 2020 (2)}) 10. Be3 Qc7 11. Nc3 Rd8 12. Qc1 Nbd7 13. Na3 Nb6 14. Bg5 Be7 15. a5 Nbd5 16. Na4 c3 17. Nxc3 Qxa5 18. Nab5 Qb6 19. e4 Nxc3 20. Nxc3 e5 21. Bxf6 Bxf6 22. Nd5 Qc6 23. Qe3 b5 24. Rac1 Qd6 25. Rc7 Be6 26. Rfc1 Bxd5 27. exd5 e4 28. Qxe4 Re8 29. Qc2 Rad8 30. b3 Qb4 31. h4 a5 32. Rb7 Be5 33. Qf5 Re7 34. Rxe7 Qxe7 35. Re1 Re8 36. Kh1 g6 37. Qd3 Qd7 38. Re4 Bd6 39. Rxe8+ Qxe8 40. Bf1 a4 41. bxa4 1/2-1/2

[Event "Olympiad Women 2024"]
[Site "Budapest HUN"]
[Date "2024.09.22"]
[Round "11.32"]
[Board "4"]
[White "Koh, Wei Le Gladys"]
[Black "Allam, Yara"]
[Result "0-1"]
[WhiteElo "1788"]
[BlackElo "1920"]
[PlyCount "66"]
[EventDate "2024.09.11"]
[WhiteTeam "Singapore"]
[BlackTeam "Egypt"]
[WhiteTeamCountry "SIN"]
[BlackTeamCountry "EGY"]

1. e4 c5 2. Nf3 e6 3. g3 d6 4. Bg2 Nf6 5. Qe2 Nc6 6. O-O Be7 7. Rd1 O-O 8. d4 cxd4 9. Nxd4 Nxd4 10. Rxd4 e5 11. Rd1 Be6 ({RR} 11... b6 12. c4 Bb7 13. Nc3 Rc8 14. b3 h6 15. Ba3 a6 16. Rac1 Qc7 17. Nd5 Nxd5 18. cxd5 Qd7 19. Qh5 Rxc1 20. Rxc1 Rc8 21. Bh3 Rxc1+ 22. Bxc1 Qc7 23. Be3 Qc2 24. Qf5 a5 25. Qd7 Ba6 26. Bf1 {0-1 Kleibel,U (2301)-Ebrahimi Herab,H (2333) Titled Tue 4th Jun Early 2024 (1)}) 12. c4 Qc7 13. b3 a6 14. h3 $146 ({RR} 14. Bg5 b5 15. Nd2 bxc4 16. Rac1 c3 17. Bxf6 Bxf6 18. Nb1 Rfc8 19. Rxc3 Qa5 20. Rcd3 Be7 21. Qb2 Ra7 22. Nc3 Rac7 23. Nd5 Rc2 24. Nxe7+ Kf8 25. Qb1 Kxe7 26. Rxd6 Qa3 27. Bf1 Rc1 28. Qd3 Rxd1 {1-0 Garcia Martin,M (2328)-Agibileg,U (2413) FISU World University rapid 2020 (9.2)}) ({RR} 14. Nc3 b5 15. Nd5 Nxd5 16. cxd5 Bd7 17. Be3 Qb7 18. h4 Bd8 19. Rac1 Bb6 20. Bf1 Rfc8 21. Qd2 Qa7 22. Bxb6 Qxb6 23. Rxc8+ Rxc8 24. Rc1 f6 25. Rxc8+ Bxc8 26. Qb4 Bd7 27. Qc3 Qc5 28. Qa5 Kf7 {0-1 Murzin,V (2465)-Godzwon,I (2347) Titled Tuesday intern op 16th June blitz 2020 (7)}) ({RR} 14. Bb2 Bg4 15. Bf3 Bxf3 16. Qxf3 b5 17. Nd2 Qb7 18. Rac1 Rfc8 19. Qd3 Nd7 20. h4 Nc5 21. Qe2 b4 22. Rb1 a5 23. a4 Bd8 24. Re1 Bb6 25. Bc1 Ne6 26. Nf3 Nd4 27. Nxd4 Bxd4 28. Qg4 Re8 {1-0 Malakhov,V (2706)-Jankovskis,G (2346) Vladimir Petrov Memorial op 2015 (3)}) 14... b5 15. cxb5 axb5 16. Bb2 b4 17. Rc1 Qb6 18. Nd2 Rfc8 19. Nc4 Qa6 20. f4 Bxc4 21. bxc4 Rc5 22. a3 b3 23. Qe3 Qa4 24. Bf1 Nd7 25. Rd1 Nb6 26. Rac1 Rac8 27. fxe5 dxe5 28. Bxe5 Rxe5 29. Kh2 b2 30. Rb1 Qc2+ 31. Bg2 Nxc4 32. Qd4 Bc5 33. Qd7 Rce8 0-1

[Event "Olympiad Women 2024"]
[Site "Budapest HUN"]
[Date "2024.09.22"]
[Round "11.33"]
[Board "1"]
[White "De Blecourt, Sandra"]
[Black "Mayorga Araya, Sofia"]
[Result "1-0"]
[WhiteElo "2065"]
[BlackElo "2059"]
[PlyCount "45"]
[EventDate "2024.09.11"]
[WhiteTeam "Denmark"]
[BlackTeam "Costa Rica"]
[WhiteTeamCountry "DEN"]
[BlackTeamCountry "CRI"]

1. d4 Nf6 2. c4 e6 3. Nc3 Bb4 4. Nf3 O-O 5. Bg5 d5 6. e3 h6 7. Bh4 g5 ({RR} 7... c5 8. cxd5 g5 9. Bg3 Nxd5 10. Rc1 cxd4 11. exd4 Nc6 12. h4 g4 13. Ne5 f5 14. Bc4 Nxe5 15. Bxe5 b5 16. Bxd5 Qxd5 17. O-O Bxc3 18. Rxc3 Bb7 19. f3 Rac8 20. Qd2 Kh7 21. fxg4 Rxc3 22. bxc3 {1-0 Topalov,V (2767)-Polgar,J (2709) Dos Hermanas rapid 2008 (1.1)}) 8. Bg3 Ne4 9. Rc1 ({RR} 9. Qc2 f5 10. a3 Bxc3+ 11. bxc3 c5 12. cxd5 exd5 13. Be5 c4 14. Be2 Nc6 15. O-O g4 16. Nd2 Nxe5 17. dxe5 Qe7 18. f3 Nxd2 19. Qxd2 Qxe5 20. Rfd1 Be6 21. Rab1 b6 22. Rb5 Rac8 23. a4 Qf6 {0-1 Srdanovic,J (2047)-Koridze,L (2140) Titled Tue 6th Jun Early 2023 (7)}) 9... h5 $146 ({RR} 9... c5 10. Bd3 Nc6 11. cxd5 Qxd5 12. O-O Bxc3 13. bxc3 c4 14. Bxe4 Qxe4 15. Qe2 b5 16. Nd2 Qg6 17. e4 Bb7 18. Rb1 a6 19. Nxc4 Ne7 20. Nd6 Bc6 21. Rfd1 h5 22. f3 f5 23. exf5 Nxf5 24. Nxf5 {0-1 Paiva,H (2078)-Hardaway,B (2259) Titled Tue 22nd Nov Late 2022 (7)}) ({RR} 9... f5 10. Bd3 Nc6 11. O-O h5 12. cxd5 exd5 13. Nxd5 h4 14. Bxc7 Qe8 15. Nxb4 Nxb4 16. Qb3+ Be6 17. Qxb4 b6 {1-0 Stevens,C (2260)-Flynn,J (2205) Titled Tuesday intern op 31st May Early blitz 2022 (4)}) 10. Ne5 h4 11. Qh5 Qf6 12. f3 Nxc3 13. bxc3 Ba3 14. Bd3 Qg7 15. Ng4 f6 16. Nh6+ Kh8 17. Nf7+ Kg8 18. Nh6+ Kh8 19. Rb1 Bd7 20. Nf7+ Kg8 21. Nh6+ Kh8 22. Bg6 Nc6 23. Nf5+ 1-0

[Event "Olympiad Women 2024"]
[Site "Budapest HUN"]
[Date "2024.09.22"]
[Round "11.33"]
[Board "2"]
[White "Rodriguez Arrieta, Maria Elena"]
[Black "Kakulidis, Ellen"]
[Result "1/2-1/2"]
[WhiteElo "1941"]
[BlackElo "2048"]
[PlyCount "89"]
[EventDate "2024.09.11"]
[WhiteTeam "Costa Rica"]
[BlackTeam "Denmark"]
[WhiteTeamCountry "CRI"]
[BlackTeamCountry "DEN"]

1. e4 e5 2. Nf3 Nc6 3. Bb5 a6 4. Ba4 Bc5 5. O-O Nge7 6. c3 Ng6 7. d4 Ba7 8. Bg5 f6 9. Be3 O-O 10. Nbd2 d6 11. Re1 Kh8 12. Bb3 ({RR} 12. h3 Bd7 13. Nf1 Nce7 14. Bc2 exd4 15. Bxd4 Bxd4 16. cxd4 d5 17. Ng3 dxe4 18. Bxe4 Bc6 19. Qb3 Bd5 20. Qc2 Qd7 21. Rac1 c6 22. Bxd5 Nxd5 23. Ne4 Rae8 24. Nc5 Qf7 25. Qf5 Ngf4 26. Ng5 Qg6 {0-1 Karjakin,S (2747)-Grischuk,A (2745) Crocus City Stars Blitz 2023 (3.1)}) 12... Qe7 $146 ({RR} 12... exd4 13. Nxd4 Nxd4 14. cxd4 f5 15. exf5 Bxf5 16. Qh5 Qf6 17. Nf3 Nf4 18. Bxf4 Bg6 19. Qg5 Qxf4 20. Qxf4 Rxf4 21. Re7 Bb6 22. Bd5 Rb8 23. Rae1 h6 24. g3 Rf6 25. Nh4 Bh5 26. g4 g5 27. gxh5 {1-0 Vachier Lagrave,M (2732)-Le Tuan Minh (2567) Chess.com Classic Play-In 2024 (6.3)}) ({RR} 12... exd4 13. cxd4 Nce7 14. d5 Bxe3 15. Rxe3 f5 16. Rc1 Nf4 17. Rec3 fxe4 18. Nxe4 Bg4 19. Rxc7 Nxg2 20. Kxg2 Bxf3+ 21. Qxf3 Rxf3 22. Kxf3 h6 23. Rxb7 Ng6 {0-1 Aleksic,M (2202)-Kourkoulos Arditis,S (2520) 23rd ch-EUR Indiv 2023 (1.101)}) ({RR} 12... Bd7 13. dxe5 dxe5 14. Bxa7 Nxa7 15. Re3 Qe7 16. Nf1 Nf4 17. Ng3 Rfd8 18. Qe1 Bb5 19. a4 Bc6 20. Nf5 Qf8 21. g3 Nd3 22. Qe2 Nc5 23. Bc2 Nc8 24. b4 Ne6 25. Bb3 Ng5 26. Rd1 Rxd1+ 27. Bxd1 {1-0 Wheatley,W (1864)-Latypova,O (1684) 2nd Cambridge Int Open 2024 (2.51)}) 13. h3 Bd7 14. Nf1 Na5 15. Bc2 Nc4 16. Bc1 Qf7 17. Ng3 Ne7 18. b3 Nb6 19. Be3 Rad8 20. Qe2 Bc8 21. a4 Bb8 22. a5 Nd7 23. b4 c6 24. Rad1 d5 25. dxe5 Nxe5 26. Bb6 Rde8 27. Nxe5 Bxe5 28. Qd3 Bxg3 29. Qxg3 dxe4 30. Bxe4 Nd5 31. Bc5 Rg8 32. Qh4 f5 33. Bxd5 Rxe1+ 34. Rxe1 Qxd5 35. Re7 Qd1+ 36. Kh2 Qd8 37. Qf4 Re8 38. Rxe8+ Qxe8 39. Bd4 Kg8 40. Qc7 Qd7 41. Qe5 Qf7 42. Qb8 Qd7 43. Qe5 Qf7 44. Qb8 Qd7 45. Qe5 1/2-1/2

[Event "Olympiad Women 2024"]
[Site "Budapest HUN"]
[Date "2024.09.22"]
[Round "11.33"]
[Board "3"]
[White "Jakobsen, Shanne Hedegaard"]
[Black "Acevedo Mendez, Jennifer"]
[Result "1/2-1/2"]
[WhiteElo "2002"]
[BlackElo "1836"]
[PlyCount "80"]
[EventDate "2024.09.11"]
[WhiteTeam "Denmark"]
[BlackTeam "Costa Rica"]
[WhiteTeamCountry "DEN"]
[BlackTeamCountry "CRI"]

1. d4 d5 2. c4 e6 3. Nc3 Nf6 4. cxd5 exd5 5. Bg5 c6 6. e3 h6 7. Bh4 Bf5 8. Qf3 Be6 9. Bxf6 Qxf6 10. Qxf6 gxf6 11. Nge2 ({RR} 11. Bd3 a5 12. Nf3 a4 13. Rc1 a3 14. b3 Na6 15. Bxa6 Rxa6 16. Ke2 Rg8 17. Ne1 Kd7 18. g3 h5 19. Nd3 b6 20. h4 Bd6 21. b4 Raa8 22. Rb1 Rgc8 23. Rhc1 Bf5 24. Rb3 Ke6 25. Kd2 Bg6 {0-1 Abdusattorov,N (2713)-Vidit,S (2724) Tata Steel India Rapid 2022 (4.5)}) ({RR} 11. Bd3 a5 12. Nge2 Nd7 13. Ng3 a4 14. f4 Nb6 15. a3 h5 16. O-O h4 17. Nge2 f5 18. Kh1 Nc8 19. g4 fxg4 20. f5 Bd7 21. e4 dxe4 22. Nxe4 Rh6 23. Rae1 Nb6 24. Ng5 Be7 25. Nc3 Kf8 {½-½ Dyatlov,O (2129)-Nurdinov,I (2080) TCh-RUS HL 2024 (4.16)}) 11... Nd7 $146 ({RR} 11... a5 12. Nf4 Bd6 13. Bd3 Nd7 14. Kd2 b5 15. Nh5 Ke7 16. h3 f5 17. Ne2 Nf6 18. Nxf6 Kxf6 19. Rac1 Bd7 20. g3 a4 21. Nf4 Rhg8 22. Be2 Bxf4 23. exf4 Ke7 24. Bd3 Kd6 25. Rhe1 Rae8 26. Re5 {½-½ Sjugirov,S (2663)-Yilmaz,M (2630) Titled Arena May 8th blitz 2021}) ({RR} 11... a5 12. f3 a4 13. e4 dxe4 14. fxe4 a3 15. Rb1 Na6 16. bxa3 O-O-O 17. Nf4 Rxd4 18. Bxa6 bxa6 19. Rb6 Kc7 20. Nxe6+ fxe6 21. Rxa6 Kb7 22. Ra5 Bg7 23. Ke2 Kb6 24. Ra4 Rxa4 25. Nxa4+ Kb5 26. Nc3+ {1-0 Bures,J (2419)-Ganaus,H (2280) TCh-AUT 2nd Ost 2022-23 (1.5)}) ({RR} 11... a5 12. Ng3 a4 13. a3 Nd7 14. Bd3 b5 15. Na2 Nb6 16. Rc1 Kd7 17. Ke2 Nc4 18. Rc2 Rg8 19. f4 Kc7 20. Kf2 Re8 21. Re1 Be7 22. Nf5 Bf8 23. h3 h5 24. Nc3 Kb6 25. Nd1 Bd7 26. Kf3 {0-1 Aditya,M (2438)-Bluebaum,M (2670) Titled Tuesday intern op 09th Mar blitz 2021 (4)}) 12. Rc1 Bd6 13. Ng3 Ke7 14. Bd3 Bxg3 15. hxg3 Rag8 16. Ne2 f5 17. b4 a6 18. a4 Kd6 19. Kd2 Nf6 20. b5 axb5 21. axb5 Ne4+ 22. Ke1 Ra8 23. f3 Nf6 24. Kf2 Ra3 25. Rc3 Ra2 26. Rhc1 Bd7 27. bxc6 bxc6 28. R3c2 Ra3 29. Rc3 Ra2 30. R3c2 Rha8 31. Nf4 R8a3 32. Be2 Ra5 33. Nd3 Rxc2 34. Rxc2 Ng8 35. Nc5 Ra3 36. Nd3 Ne7 37. Ne5 Be8 38. Nd3 Ng6 39. Nf4 Bd7 40. Nh5 Ke6 1/2-1/2

[Event "Olympiad Women 2024"]
[Site "Budapest HUN"]
[Date "2024.09.22"]
[Round "11.33"]
[Board "4"]
[White "Bogantes Robleto, Karina"]
[Black "Durrfeld, Sofie Bech"]
[Result "0-1"]
[WhiteElo "1766"]
[BlackElo "1937"]
[PlyCount "50"]
[EventDate "2024.09.11"]
[WhiteTeam "Costa Rica"]
[BlackTeam "Denmark"]
[WhiteTeamCountry "CRI"]
[BlackTeamCountry "DEN"]

1. d4 Nf6 2. c4 c5 3. d5 b5 4. f3 bxc4 5. e4 d6 6. Bxc4 g6 7. Ne2 Bg7 8. O-O O-O 9. Nbc3 Nbd7 ({RR} 9... Ba6 10. Bxa6 Nxa6 11. Bg5 Nd7 12. Qd2 Re8 13. f4 Rb8 14. Kh1 Qa5 15. e5 dxe5 16. d6 exd6 17. Qxd6 Qc7 18. Qxa6 Rxb2 19. Rab1 Rxb1 20. Rxb1 exf4 21. Bxf4 Ne5 22. Qb7 Qd8 23. Qxa7 Nd3 24. Rf1 {0-1 Paquico Rodriguez,I (2183)-Cano Gimenez,V (2206) Titled Tue 3rd Sep Early 2024 (2)}) 10. f4 ({RR} 10. Be3 a5 11. Kh1 Ba6 12. Bxa6 Rxa6 13. Ng3 Nb6 14. Qe2 Qa8 15. f4 a4 16. Rad1 Nfd7 17. h3 a3 18. e5 axb2 19. Nge4 Na4 20. Nb5 Qb8 21. exd6 exd6 22. f5 Re8 23. fxg6 hxg6 24. Ng5 Ne5 {0-1 Hansen,E (2609)-Carlsen,M (2835) Bullet Chess Winners 2023 (1.18)}) 10... Nb6 11. Qd3 $146 ({RR} 11. Bb3 Ba6 12. Rf3 Qc7 13. h3 Rab8 14. Rb1 Nfd7 15. Kh1 f5 16. exf5 Rxf5 17. Bc2 Rff8 18. f5 Ne5 19. Rg3 Bc8 20. fxg6 h6 21. Nf4 Qd8 22. Nh5 Ba6 23. Bf4 e6 24. Nxg7 Kxg7 25. Bxe5+ dxe5 {1-0 Fursov,D-Terentjev,V (2217) Izhevsk op 2009 (4)}) ({RR} 11. Bd3 Bb7 12. h3 Rc8 13. Be3 e6 14. dxe6 fxe6 15. f5 exf5 16. exf5 d5 17. fxg6 d4 18. gxh7+ Kh8 19. Nf4 Nxh7 20. Qh5 Bh6 21. Qxh6 Rf7 22. Ng6+ Kg8 23. Rxf7 Kxf7 24. Qxh7+ Ke6 25. Nf4+ Ke5 {1-0 Bdair,B (1999)-Quaranta,G (1718) Veneto-ch 64th 2004 (6.11)}) ({RR} 11. Bb5 Bd7 12. a4 a6 13. Bxd7 Nbxd7 14. a5 Qc7 15. h3 Rfb8 16. g4 Rb4 17. Ng3 c4 18. Qf3 Ne8 19. e5 f6 20. e6 Nc5 21. h4 Nb3 22. Ra2 Nxc1 23. Rxc1 Rab8 24. Rc2 Qc5+ 25. Qf2 Qxf2+ {0-1 Viner,P (2203)-Partis,M (2070) AUS-ch Seniors 2001 (4)}) 11... Nxc4 12. Qxc4 e6 13. h3 a5 14. a4 Re8 15. Rd1 exd5 16. exd5 Ba6 17. Nb5 Re4 18. Qc2 Qe7 19. Nec3 Re1+ 20. Rxe1 Qxe1+ 21. Kh2 Re8 22. Qd3 Bxb5 23. axb5 Ng4+ 24. hxg4 Bd4 25. Be3 Qh4+ 0-1